Guia de l'Arxiu Municipal del Districte de Sant Martí / [autores: Núria Bosom, Olga Martín i Montserrat Sintes Núria Bosom, Olga Martín i Montserrat Sintes
ISBN:
84-7609-163-x
Descripción Física:
205 p. : il. ; 22 cm
Colección:
Guies ; 7
MARC
| LEADER | 00000nam a2200000Ia 4500 | ||
|---|---|---|---|
| 001 | 17578 | ||
| 008 | 160829s2005 xx 000 0 cat d | ||
| 020 | |a 84-7609-163-x | ||
| 080 | |a A-2-243 | ||
| 100 | |a Bosom, Núria |9 26293 | ||
| 245 | |a Guia de l'Arxiu Municipal del Districte de Sant Martí / [autores: |b Núria Bosom, Olga Martín i Montserrat Sintes | ||
| 260 | |a Barcelona : |b Ajuntament de Barcelona, |c 2005 | ||
| 300 | |a 205 p. : |b il. ; |c 22 cm | ||
| 490 | |a Guies ; 7 | ||
| 590 | |a Bibliografia | ||
| 650 | |a Arxiu Municipal del Districte de Sant Martí |x Guies |9 26294 | ||
| 700 | |a Martín, Olga |9 26295 | ||
| 700 | 1 | |a Sintes i Bou, Montserrat |9 26296 | |
| 710 | 2 | |a Arxiu Municipal de Barcelona |9 55021 | |
| 901 | |a Arxiu | ||
| 942 | |n 1 | ||
| 952 | |0 0 |1 0 |4 0 |6 A2243 |7 1 |9 43946 |a Arxiu |b Arxiu |d 2016-12-01 |l 0 |o A-2-243 |p 17578 |r 2016-12-01 00:00:00 |w 2016-12-01 |y ARXIU | ||
| 999 | |c 46526 |d 46526 | ||